| 000 | 01423cam a2200373 a 4500 | ||
|---|---|---|---|
| 001 | 13162125 | ||
| 003 | OSt | ||
| 005 | 20140310181645.0 | ||
| 008 | 030414s2004 nyu j 000 1 eng | ||
| 010 | _a 2003007384 | ||
| 020 | _a0439692385 | ||
| 040 |
_aDLC _cDLC _dDLC |
||
| 042 | _alcac | ||
| 050 | 0 | 0 |
_aPZ 7 _b.C626 2004 |
| 082 | 0 | 0 |
_aKF _bC59r 2004 |
| 100 | 1 |
_aClements, Andrew, _d1949- _96047 |
|
| 245 | 1 | 4 |
_aThe report card / _cAndrew Clements. |
| 250 | _a1st ed. | ||
| 260 |
_aNew York : _bSimon & Schuster Books for Young Readers, _cc2004. |
||
| 300 |
_a173 p. ; _c22 cm. |
||
| 541 | _j1 | ||
| 562 | _efor circulation. 1copy available in the collection | ||
| 650 | 1 |
_aGrading and marking (Students) _vFiction. _96048 |
|
| 650 | 1 |
_aAchievement tests _vFiction. _96049 |
|
| 650 | 1 |
_aSchools _vFiction. _96050 |
|
| 650 | 1 |
_aGenius _vFiction. _96051 |
|
| 650 | 1 |
_aFriendship _vFiction. _96052 |
|
| 856 | 4 | 2 |
_3Contributor biographical information _uhttp://www.loc.gov/catdir/bios/simon052/2003007384.html |
| 856 | 4 | 2 |
_3Publisher description _uhttp://www.loc.gov/catdir/description/simon052/2003007384.html |
| 856 | 4 | 1 |
_3Sample text _uhttp://www.loc.gov/catdir/enhancements/fy0641/2003007384-s.html |
| 906 |
_a7 _bcbc _corignew _d1 _eecip _f20 _gy-gencatlg |
||
| 942 |
_2lcc _cBK-KF _kKF |
||
| 999 |
_c872 _d872 |
||